000 00697nam a2200241Ia 4500
003 OSt
005 20220918200347.0
006 a|||||r|||| 00| 0
007 ta
008 220917b |||||||| |||| 00| 0 eng d
024 _a88,492
037 _cTextual
040 _aARTS
_cARTS
_beng
041 _2eng
_aeng
082 _aT4t654:N59, K0
110 _aNigeria education. Federal ministry of
_993815
245 0 _aInvestment in education
_b Report
260 _aNigeria
_bFederal Ministry of Education
_c1960
650 _aHIGHER EDUCATION
700 _aNigeria education. Federal ministry of
_993816
942 _hT4t654:N59, K0
_cTEXL
_2CC
999 _c212180
_d212180